Countries going into elections in 2024 - Statistics

General Stats
  • This quiz has been taken 25 times
  • The average score is 9 of 35
Answer Stats
Hint Answer % Correct
Siuuuuuuuu Portugal
82%
us India
68%
in old country Russia
68%
canal? Panama
64%
Crumble Cookies Pakistan
50%
Joberg South Africa
50%
oppa style South Korea
50%
Trogir on the Adriatic Croatia
41%
where did you go? Iran
36%
Ireland
36%
South of Dagestan Azerbaijan
32%
Bangladesh
27%
Finland
23%
Finland
23%
Indonesia
23%
soon under water Maldives
23%
domain name Tuvalu
23%
Dominican Republic
18%
Kuwait
18%
Lithuania
18%
Taiwan
18%
Belarus
14%
us? (4) Chad
14%
El Salvador
14%
Slovakia
14%
Bhutan
9%
middle (of) earth Ecuador
9%
NY Central Zoo Madagascar
9%
North Macedonia
9%
don't cut baby in half Solomon Islands
9%
Vanuatu
9%
Comoros
5%
Liechtenstein
5%
Senegal
5%
Togo
5%
No matching quizzes found
Score Distribution
Percent of People with Each Score
Percentile by Number Answered
Your Score History
You have not taken this quiz